| 000 | 01102nmm a2200325 a 4500 | ||
|---|---|---|---|
| 001 | ocm0002015654 | ||
| 003 | TR-IsHL | ||
| 005 | 20201028180250.0 | ||
| 008 | 181206s2016 tu tur | ||
| 007 | cr cn | ||
| 020 | _a9786059902496 | ||
| 035 |
_a2015654 _b(N$T) |
||
| 050 | 0 | 4 |
_aPR4879.L24 _bW519 2016 |
| 090 | 0 | 4 |
_aPR4879.L24 _bW519 2016 |
| 100 | 1 | _aLeavitt, Lydia | |
| 245 | 1 | 0 |
_aBilgelik ve cahillik _h[electronic resource] / _cLydia Leavitt ; Thad. W. H. Leavitt ; çeviren Sabri Kaliç ; editör Selin Saraçoğlu |
| 250 | _a1. Baskı | ||
| 260 |
_aİstanbul : _bMaya Kitap, _c2016 |
||
| 300 | _a111 p. | ||
| 500 | _aÖzgün adı: Wise or otherwise | ||
| 650 | 4 | _aFelsefe, Psikoloji ve Din | |
| 650 | 4 | _aPhilosophy, Psychology and Religion | |
| 650 | 0 | _aKanada edebiyatı | |
| 650 | 0 | _aCanadian literature | |
| 650 | 7 |
_aLITERARY COLLECTIONS / Canadian _2bisacsh |
|
| 700 | 1 | _aLeavitt, Thad. W.H. | |
| 700 | 1 | _aKaliç, Sabri | |
| 700 | 1 | _aSaraçoğlu, Selin | |
| 856 | 4 | 0 | _uhttp://search.ebscohost.com/login.aspx?direct=true&scope=site&db=e011xww&AN=2015654 |
| 999 |
_c19061 _d19061 |
||